The noble scholar, jurist, historian


 His Excellency Dr. Abdul Wahhab bin Ibrahim Abu Sulaiman, may Allah have mercy on him.


 He was born in Umm Al-Qura in the year 1356 AH.

الثبت الكبير في مشيخة وأسانيد وإجازات العلامة المحدث المسند الأصولي الفقيه الشيخ حسن بن محمد المشاط المكي 1317 هـ-1399 هـ / (Record no. 9586)

MARC details
000 -LEADER
fixed length control field 01275cam a22002891i 4500
003 - CONTROL NUMBER IDENTIFIER
control field SA-RiAUC
005 - DATE AND TIME OF LATEST TRANSACTION
control field 20250708053930.0
008 - FIXED-LENGTH DATA ELEMENTS--GENERAL INFORMATION
fixed length control field 250703s2005 su g 00000bara c
020 ## - INTERNATIONAL STANDARD BOOK NUMBER
International Standard Book Number 9960444953
024 0# - OTHER STANDARD IDENTIFIER
Standard number or code 1425/576
040 ## - CATALOGING SOURCE
Original cataloging agency SA-JeALM
Language of cataloging ara
Transcribing agency SA-RiAUC
Description conventions rda
072 #7 - SUBJECT CATEGORY CODE
Subject category code 045
082 04 - DEWEY DECIMAL CLASSIFICATION NUMBER
Classification number 232
090 ## - LOCALLY ASSIGNED LC-TYPE CALL NUMBER (OCLC); LOCAL CALL NUMBER (RLIN)
Classification number (OCLC) (R) ; Classification number, CALL (RLIN) (NR) 232
Local cutter number (OCLC) ; Book number/undivided call number, CALL (RLIN) ب ن ج
100 1# - MAIN ENTRY--PERSONAL NAME
Personal name البنجابي، محمد بن عبد الكريم بن عبيد،
Dates associated with a name 1380 هجري-
Relator term مؤلف.
245 12 - TITLE STATEMENT
Title الثبت الكبير في مشيخة وأسانيد وإجازات العلامة المحدث المسند الأصولي الفقيه الشيخ حسن بن محمد المشاط المكي 1317 هـ-1399 هـ /
Statement of responsibility, etc. دراسة وتحقيق محمد بن عبد الكريم بن عبيد.
250 ## - EDITION STATEMENT
Edition statement الطبعة الثانية.
264 #1 - PRODUCTION, PUBLICATION, DISTRIBUTION, MANUFACTURE, AND COPYRIGHT NOTICE
Place of production, publication, distribution, manufacture مكة المكرمة :
Name of producer, publisher, distributor, manufacturer محمد بن عبدالكريم بن عبيد،
Date of production, publication, distribution, manufacture, or copyright notice 2016
300 ## - PHYSICAL DESCRIPTION
Extent 326 صفحة ؛
Dimensions 24 سم
336 ## - CONTENT TYPE
Content type term نص
Content type code txt
Source rdacontent
Materials specified كتاب
337 ## - MEDIA TYPE
Media type term بدون وسيط
Media type code n
Source rdamedia
338 ## - CARRIER TYPE
Carrier type term مجلد
Carrier type code nc
Source rdacarrier
600 17 - SUBJECT ADDED ENTRY--PERSONAL NAME
Personal name المشاط، حسن بن محمد،
Dates associated with a name 1319-1399 هجري
Source of heading or term aucnm
650 #7 - SUBJECT ADDED ENTRY--TOPICAL TERM
Topical term or geographic name entry element المسلمون
Form subdivision تراجم
Source of heading or term aucsh
942 ## - ADDED ENTRY ELEMENTS (KOHA)
Source of classification or shelving scheme Dewey Decimal Classification
Koha item type Books
Suppress in OPAC No
949 ## - LOCAL PROCESSING INFORMATION (OCLC)
a SA-JeALM
d 250703
u osman123
n 1
Holdings
Withdrawn status Lost status Source of classification or shelving scheme Damaged status Not for loan Home library Current library Date acquired Total checkouts Full call number Barcode Date last seen Price effective from Koha item type
    Dewey Decimal Classification     DR AbdElwahab Library DR AbdElwahab Library 07/08/2025   232 ب ن ج 000015605 07/08/2025 07/08/2025 Books
    Dewey Decimal Classification     DR AbdElwahab Library DR AbdElwahab Library 10/07/2025   232 ب ن ج 000020008 10/07/2025 10/07/2025 Books